Spanish economy (Record no. 117778)
[ view plain ]
| 000 -LEADER | |
|---|---|
| fixed length control field | 01084cam a2200217 4500 |
| 001 - CONTROL NUMBER | |
| control field | WB@3612-241 |
| 008 - FIXED-LENGTH DATA ELEMENTS--GENERAL INFORMATION | |
| fixed length control field | 040727n2004 000 0 eng u |
| 035 ## - SYSTEM CONTROL NUMBER | |
| System control number | (Sirsi) u126949 |
| 245 ## - TITLE STATEMENT | |
| Title | Spanish economy |
| 260 ## - PUBLICATION, DISTRIBUTION, ETC. | |
| Date of publication, distribution, etc. | 2004 |
| 490 ## - SERIES STATEMENT | |
| Series statement | RICS European Alert |
| Volume/sequential designation | July 2004, 6 (1) |
| 520 ## - SUMMARY, ETC. | |
| Summary, etc. | In the first quarter of 2004, Spain experienced a 2.8% growth in annual GDP - the highest in two years. Growth in 2004 has been driven by higher domestic demand and rising exports. However, imports also increased by 6.7%, compared to a European wide average of 2.7%. Employment increases have been led by the construction and service industries, which make up 76% of all jobs. Office rents were also down 12% in the first quarter of 2004 from the same time last year, this was due to a slowdown in growth of both overall employment and service sector employment. http://www.rics.org/europe/index.html |
| 590 ## - LOCAL NOTE (RLIN) | |
| Local note | WB |
| 590 ## - LOCAL NOTE (RLIN) | |
| Local note | WB |
| 650 ## - SUBJECT ADDED ENTRY--TOPICAL TERM | |
| Topical term or geographic name entry element | OFFICE MARKET |
| 650 ## - SUBJECT ADDED ENTRY--TOPICAL TERM | |
| Topical term or geographic name entry element | SPAIN |
| 650 ## - SUBJECT ADDED ENTRY--TOPICAL TERM | |
| Topical term or geographic name entry element | LABOUR MARKET |
| 650 ## - SUBJECT ADDED ENTRY--TOPICAL TERM | |
| Topical term or geographic name entry element | ECONOMY |
| 690 ## - LOCAL SUBJECT ADDED ENTRY--TOPICAL TERM (OCLC, RLIN) | |
| Topical term or geographic name as entry element | ECONOMIC ISSUES |
| 942 ## - ADDED ENTRY ELEMENTS (KOHA) | |
| Suppress in OPAC | 0 |
| Withdrawn status | Lost status | Source of classification or shelving scheme | Damaged status | Not for loan | Home library | Current library | Shelving location | Date acquired | Total Checkouts | Full call number | Barcode | Date last seen | Copy number | Price effective from | Koha item type |
|---|---|---|---|---|---|---|---|---|---|---|---|---|---|---|---|
| Dewey Decimal Classification | London | London | News article | 27/07/2004 | WB4029-06 | 126949-1001 | 06/08/2019 | 1 | 06/08/2019 | News article |